000
00280nam a2200097Ia 4500
082
_a
344.02 ESSE
245
0
_a
ESSENTIAL SOCIAL SECURITY LAW
100
_a
STRYDOM, E M L. Lansdowne, [South Africa], 2001
_9
53144
942
_c
BK
008
210817s9999 xx 000 0 und d
999
_c
168811
_d
168809